[Event "Fagernes op"]
[Site "Fagernes"]
[Date "2024.03.29"]
[Round "7"]
[White "Willow, Jonah B"]
[Black "Dushyant, Sharma"]
[Result "1/2-1/2"]
[WhiteElo "2446"]
[BlackElo "2331"]
[PlyCount "88"]
[EventDate "2024.03.24"]
[EventType "swiss"]
[EventRounds "9"]
[EventCountry "NOR"]
[SourceTitle "CB14_2024"]
[SourceDate "2024.04.01"]
[SourceVersion "1"]
[SourceVersionDate "2024.04.01"]
[SourceQuality "1"]

1. e4 e5 2. Nf3 Nc6 3. Bb5 a6 4. Ba4 Nf6 5. 0-0 b5 6. Bb3 Bc5 7. a4 Rb8 8. Nxe5 Nxe5 9. d4 Bxd4 10. Qxd4 d6 11. f4 Nc6 12. Qc3 Bb7 13. axb5 axb5 14. e5 Ne4 15. Qe3 Ne7 16. f5 dxe5 17. Nc3 Nf6 18. Rd1 Qc8 19. Qxe5 Qxf5 20. Qxf5 Nxf5 21. Re1+ Kd7 22. Bxf7 Nd6 23. Be6+ Kc6 24. Ne2 Bc8 25. Nd4+ Kb7 26. Ba2 Bd7 27. Nb3 Rbe8 28. Be3 Kb8 29. Nc5 Bc6 30. Be6 Nde4 31. Bf7 Re7 32. Na6+ Kc8 33. Bb3 Rhe8 34. Bf4 Nd5 35. Bxd5 Bxd5 36. Ra3 g5 37. Bc1 Bb7 38. Nb4 c5 39. Nd3 Nd6 40. Rxe7 Rxe7 41. Bxg5 Re2 42. Bf4 Ne4 43. Ra1 Rxc2 44. Rc1 Nf2 1/2-1/2

[Event "Titled Tuesday intern op 12th Mar Early"]
[Site "Chess.com INT"]
[Date "2024.03.12"]
[Round "8"]
[White "Dushyant, Sharma"]
[Black "Dias, Paulo Jorge Guimara"]
[Result "1-0"]
[WhiteElo "2331"]
[BlackElo "2308"]
[PlyCount "73"]
[EventDate "2024.03.12"]
[EventType "swiss (blitz)"]
[EventRounds "11"]
[EventCountry "USA"]
[SourceTitle "CB12_2024"]
[SourceDate "2023.10.01"]
[SourceVersion "1"]
[SourceVersionDate "2023.10.01"]
[SourceQuality "1"]

1. e4 c5 2. Nf3 d6 3. d4 cxd4 4. Nxd4 Nf6 5. Nc3 a6 6. f4 e5 7. Nf3 Nbd7 8. Bd3 Be7 9. 0-0 b5 10. a3 Bb7 11. Kh1 Rc8 12. Qe1 Qc7 13. Bd2 Nc5 14. Nh4 exf4 15. Bxf4 Ne6 16. Be3 Ng4 17. Bg1 Ne5 18. Nf5 Bf6 19. Nd5 Bxd5 20. exd5 Nc5 21. Qg3 0-0 22. Rae1 Ncxd3 23. cxd3 Rfe8 24. Bd4 Kh8 25. h3 Qd7 26. b4 Rc2 27. Ne3 Rd2 28. Ng4 Nxg4 29. Qxg4 Rxe1 30. Rxe1 Qd8 31. Bb6 Qf8 32. Qd7 Be5 33. d4 Bg3 34. Rf1 h5 35. Qf5 g6 36. Qg5 h4 37. Qxd2 1-0

[Event "Titled Tuesday intern op 12th Mar Early"]
[Site "Chess.com INT"]
[Date "2024.03.12"]
[Round "5"]
[White "Panesar, Vedant"]
[Black "Dushyant, Sharma"]
[Result "1-0"]
[WhiteElo "2462"]
[BlackElo "2331"]
[PlyCount "87"]
[EventDate "2024.03.12"]
[EventType "swiss (blitz)"]
[EventRounds "11"]
[EventCountry "USA"]
[SourceTitle "CB12_2024"]
[SourceDate "2023.10.01"]
[SourceVersion "1"]
[SourceVersionDate "2023.10.01"]
[SourceQuality "1"]

1. d4 d5 2. Nc3 f5 3. Bf4 e6 4. e3 Nf6 5. Nf3 Bd6 6. Bd3 0-0 7. 0-0 b6 8. Ne2 Bb7 9. a4 c5 10. c3 Nc6 11. h3 Qe7 12. Bxd6 Qxd6 13. Nf4 Ne4 14. Bb5 Rae8 15. Ne5 Nxe5 16. dxe5 Qxe5 17. Bxe8 Rxe8 18. Nd3 Qf6 19. f4 Ba6 20. Re1 Bxd3 21. Qxd3 h6 22. a5 Kh7 23. axb6 axb6 24. Ra7 Qh4 25. Rf1 Rf8 26. c4 dxc4 27. Qxc4 Rf6 28. Qc1 Rg6 29. Rf3 Ng3 30. Qe1 e5 31. fxe5 Qg5 32. Ra2 Ne4 33. b3 Re6 34. Qa1 Qe7 35. Ra7 Qg5 36. Rf4 Ng3 37. Qb2 Nh5 38. Rf3 b5 39. Rc7 Ng3 40. Rxc5 Ne4 41. Rc7 b4 42. Qd4 Rg6 43. Rc2 Ra6 44. Rf1 1-0

[Event "Titled Tuesday intern op 13th Feb Late"]
[Site "Chess.com INT"]
[Date "2024.02.13"]
[Round "1"]
[White "Bluebaum, Matthias"]
[Black "Dushyant, Sharma"]
[Result "1-0"]
[WhiteElo "2658"]
[BlackElo "2331"]
[PlyCount "65"]
[EventDate "2024.02.13"]
[EventType "swiss (blitz)"]
[EventRounds "11"]
[EventCountry "USA"]
[SourceTitle "CB08_2024"]
[SourceDate "2024.02.21"]
[SourceVersion "1"]
[SourceVersionDate "2024.02.21"]
[SourceQuality "1"]

1. d4 d5 2. c4 e6 3. Nc3 c6 4. Nf3 f5 5. Qc2 Nf6 6. g3 Be7 7. Bg2 0-0 8. 0-0 Ne4 9. Rb1 Nd7 10. b4 b6 11. b5 Nxc3 12. Qxc3 cxb5 13. cxd5 exd5 14. Rxb5 Bb7 15. Bf4 Rc8 16. Qd2 Nf6 17. Rbb1 Ne4 18. Qb2 Bd6 19. Bxd6 Qxd6 20. Rbc1 Ba6 21. Ne5 f4 22. Bxe4 dxe4 23. Qb3+ Kh8 24. Nf7+ Rxf7 25. Rxc8+ Rf8 26. Qe6 Qb4 27. Rxf8+ Qxf8 28. Qxe4 fxg3 29. fxg3 Qd8 30. Rf7 h6 31. Qe5 Qg8 32. Re7 Bc4 33. Re8 1-0

[Event "Titled Tuesday intern op 24th Oct Late"]
[Site "Chess.com INT"]
[Date "2023.10.24"]
[Round "3"]
[White "Dushyant, Sharma"]
[Black "Grigoriants, Sergey"]
[Result "1/2-1/2"]
[WhiteElo "2339"]
[BlackElo "2562"]
[PlyCount "187"]
[EventDate "2023.10.24"]
[EventType "swiss (blitz)"]
[EventRounds "11"]
[EventCountry "USA"]
[SourceTitle "Mega2024 Update 01"]
[Source "Chessbase"]
[SourceDate "2023.11.12"]
[SourceVersion "1"]
[SourceVersionDate "2023.11.12"]
[SourceQuality "1"]

1. e4 c5 2. Nf3 Nc6 3. d4 cxd4 4. Nxd4 Nf6 5. Nc3 d6 6. f4 g6 7. Nf3 Bg7 8. Bd3 0-0 9. 0-0 Nd7 10. Kh1 b6 11. Qe1 Bb7 12. Bd2 Nb4 13. a3 Nxd3 14. cxd3 Nc5 15. Qe2 Ba6 16. Ne1 Nb3 17. Rd1 Nxd2 18. Rxd2 Rc8 19. f5 e6 20. Qf3 Bb7 21. f6 Bh8 22. Rdf2 e5 23. Qh3 Re8 24. Nf3 Bxf6 25. Ng5 Bxg5 26. Rxf7 h6 27. Rxb7 Rc7 28. Rxc7 Qxc7 29. Qg4 Qc8 30. Qg3 Qe6 31. Nd5 Rf8 32. Rxf8+ Kxf8 33. h3 Kg7 34. Qf2 Qf7 35. Kg1 Qxf2+ 36. Kxf2 Bc1 37. Nc7 Bxb2 38. a4 Kf7 39. Nb5 a6 40. Nxd6+ Ke6 41. Ne8 Kd7 42. Nf6+ Kc6 43. Ke2 b5 44. axb5+ Kxb5 45. Kd2 a5 46. Kc2 Bd4 47. g4 Kc6 48. h4 Kd6 49. h5 gxh5 50. gxh5 Ke6 51. Ng4 a4 52. Nxh6 Kf6 53. Nf5 Bc5 54. Kc3 Kg5 55. h6 Kg6 56. Kc4 a3 57. Kb3 Kh7 58. Ka2 Kg6 59. Kb1 Kh7 60. Ka1 Kg6 61. Ka2 Kh7 62. Kb3 Kg6 63. Kc2 Kh7 64. Kc3 Kg6 65. Kb3 Kh7 66. Nh4 Kxh6 67. Nf3 Bd6 68. Nd2 Kg5 69. Nc4 Bc7 70. Kxa3 Kf4 71. Kb4 Bb8 72. Kb5 Ba7 73. Kc6 Bd4 74. Kd5 Ba1 75. Na5 Ke3 76. Nc6 Kxd3 77. Nxe5+ Ke3 78. Nc4+ Kf4 79. Nb6 Kg5 80. Na4 Kf6 81. Nc5 Ke7 82. Nb3 Bb2 83. Nd4 Bxd4 84. Kxd4 Kd6 85. e5+ Ke6 86. Ke4 Ke7 87. Kd4 Ke6 88. Ke4 Ke7 89. Kd5 Kd7 90. e6+ Ke7 91. Ke5 Ke8 92. Kd6 Kd8 93. e7+ Ke8 94. Ke6 1/2-1/2

[Event "Titled Tuesday intern op 24th Oct Late"]
[Site "Chess.com INT"]
[Date "2023.10.24"]
[Round "1"]
[White "Dushyant, Sharma"]
[Black "Rasulov, Vugar Ural Oglu"]
[Result "0-1"]
[WhiteElo "2339"]
[BlackElo "2560"]
[PlyCount "100"]
[EventDate "2023.10.24"]
[EventType "swiss (blitz)"]
[EventRounds "11"]
[EventCountry "USA"]
[SourceTitle "Mega2024 Update 01"]
[Source "Chessbase"]
[SourceDate "2023.11.12"]
[SourceVersion "1"]
[SourceVersionDate "2023.11.12"]
[SourceQuality "1"]

1. e4 e5 2. Nf3 Nc6 3. Nc3 Nf6 4. Bb5 Bd6 5. d3 h6 6. h3 0-0 7. Be3 Ne7 8. Ba4 c6 9. Bb3 Ng6 10. Qd2 Bb4 11. a3 Bxc3 12. bxc3 d5 13. exd5 Nxd5 14. c4 Ndf4 15. 0-0-0 Qf6 16. g3 Ne6 17. Nh2 Nd4 18. Bxd4 exd4 19. f4 Bxh3 20. Nf3 Bg4 21. Rdf1 Bxf3 22. Rxf3 Rae8 23. g4 Re3 24. Rhf1 Rxf3 25. Rxf3 Re8 26. f5 Ne5 27. Rf4 c5 28. Ba4 Re7 29. Kb2 b6 30. Bb3 a5 31. Re4 Qg5 32. Qe2 f6 33. Ba4 Qh4 34. Bc6 Nxc6 35. Rxe7 Nxe7 36. Qxe7 Qxg4 37. Qe6+ Kh7 38. Qxb6 Qxf5 39. Qxa5 h5 40. Qc7 h4 41. a4 h3 42. a5 Qe5 43. Qc8 Qg3 44. Qf5+ Kh6 45. a6 h2 46. Qe4 Qg1 47. a7 h1Q 48. a8Q Qb1+ 49. Ka3 Qb4+ 50. Ka2 Qhb1# 0-1

[Event "Qatar Masters op"]
[Site "Doha"]
[Date "2023.10.18"]
[Round "7"]
[White "Seemann, Jakub"]
[Black "Dushyant, Sharma"]
[Result "0-1"]
[WhiteElo "2431"]
[BlackElo "2339"]
[PlyCount "90"]
[EventDate "2023.10.11"]
[EventType "swiss"]
[EventRounds "9"]
[EventCountry "QAT"]
[SourceTitle "Mega2024 Update 01"]
[Source "Chessbase"]
[SourceDate "2023.11.12"]
[SourceVersion "1"]
[SourceVersionDate "2023.11.12"]
[SourceQuality "1"]

1. e4 e5 2. Nf3 Nc6 3. Bc4 Bc5 4. d3 Nf6 5. Nc3 a6 6. Be3 d6 7. Bxc5 dxc5 8. a4 Qd6 9. Nd5 Be6 10. Ne3 0-0-0 11. a5 h6 12. Qe2 g6 13. 0-0 Nh5 14. Bxe6+ Qxe6 15. Nd5 Nf4 16. Nxf4 exf4 17. c3 g5 18. Rfe1 Rd7 19. Red1 Rhd8 20. Ra4 f5 21. Ne1 g4 22. Rda1 Qe7 23. Kh1 Kb8 24. Qc2 Ne5 25. Rd1 f3 26. exf5 Nxd3 27. Nxd3 Rxd3 28. Raa1 Qe2 29. Rxd3 Rxd3 30. Qa4 c4 31. gxf3 gxf3 32. Rg1 Qxf2 33. Qxc4 Rd2 34. Qg8+ Ka7 35. Qg3 Qe3 36. Qxc7 Rxb2 37. Qg3 Qe4 38. Rf1 f2+ 39. Qg2 Qxf5 40. h3 Rb1 41. c4 h5 42. h4 Rxf1+ 43. Qxf1 Qe4+ 44. Kh2 Qxh4+ 45. Kg2 Qg4+ 0-1

[Event "Wch U20 60th"]
[Site "Mexico City"]
[Date "2023.09.25"]
[Round "5"]
[White "Stearman, Josiah P"]
[Black "Dushyant, Sharma"]
[Result "0-1"]
[WhiteElo "2468"]
[BlackElo "2339"]
[PlyCount "74"]
[EventDate "2023.09.21"]
[EventType "swiss"]
[EventRounds "11"]
[EventCountry "MEX"]
[SourceTitle "EXT 2024"]
[Source "ChessBase"]
[SourceDate "2023.10.10"]
[SourceVersion "1"]
[SourceVersionDate "2023.10.10"]
[SourceQuality "1"]

1. e4 e5 2. Nf3 Nc6 3. Bb5 a6 4. Ba4 Nf6 5. 0-0 b5 6. Bb3 Bc5 7. a4 Rb8 8. c3 d6 9. d4 Bb6 10. a5 Ba7 11. h3 0-0 12. Be3 Ra8 13. Nbd2 Bb7 14. Qe2 h6 15. Rfd1 Re8 16. dxe5 Nxe5 17. Nxe5 dxe5 18. Nf1 Qe7 19. Ng3 Bc8 20. Rd2 Be6 21. Bxe6 Qxe6 22. Bxa7 Rxa7 23. Qe3 Raa8 24. Qc5 Rad8 25. Rxd8 Rxd8 26. Qxc7 Rd2 27. b4 h5 28. Re1 Rd7 29. Qc5 g6 30. f3 Rd2 31. Nf1 Rd3 32. Ne3 Kg7 33. Kh2 Nh7 34. Nd5 Ng5 35. h4 Nxf3+ 36. gxf3 Rxf3 37. Kg1 Qg4+ 0-1

[Event "Titled Tuesday intern op 12th Sep Early"]
[Site "Chess.com INT"]
[Date "2023.09.12"]
[Round "1"]
[White "Dushyant, Sharma"]
[Black "Le, Tuan Minh"]
[Result "0-1"]
[WhiteElo "2339"]
[BlackElo "2559"]
[PlyCount "40"]
[EventDate "2023.09.12"]
[EventType "swiss (blitz)"]
[EventRounds "11"]
[EventCountry "USA"]
[SourceTitle "EXT 2024"]
[Source "ChessBase"]
[SourceDate "2023.10.10"]
[SourceVersion "1"]
[SourceVersionDate "2023.10.10"]
[SourceQuality "1"]

1. e4 c5 2. Nf3 Nf6 3. Nc3 d5 4. exd5 Nxd5 5. d4 Nxc3 6. bxc3 e6 7. Bd3 Be7 8. 0-0 0-0 9. Rb1 Nc6 10. Be3 cxd4 11. cxd4 b6 12. c4 Bb7 13. Rb5 Bf6 14. Ne5 Rc8 15. c5 g6 16. cxb6 axb6 17. Qb3 Nxd4 18. Bxd4 Qxd4 19. Nf3 Bxf3 20. gxf3 Rc3 0-1

[Event "Titled Tuesday intern op 12th Sep Early"]
[Site "Chess.com INT"]
[Date "2023.09.12"]
[Round "6"]
[White "Lesbekova, Asel"]
[Black "Dushyant, Sharma"]
[Result "1/2-1/2"]
[WhiteElo "1805"]
[BlackElo "2339"]
[PlyCount "119"]
[EventDate "2023.09.12"]
[EventType "swiss (blitz)"]
[EventRounds "11"]
[EventCountry "USA"]
[SourceTitle "EXT 2024"]
[Source "ChessBase"]
[SourceDate "2023.10.10"]
[SourceVersion "1"]
[SourceVersionDate "2023.10.10"]
[SourceQuality "1"]

1. e4 d5 2. exd5 Nf6 3. Bb5+ c6 4. dxc6 Nxc6 5. h3 Bf5 6. d3 e6 7. Nf3 Be7 8. Nc3 0-0 9. Be3 Nd5 10. Nxd5 exd5 11. c3 a6 12. Ba4 b5 13. Bc2 Rc8 14. a3 a5 15. 0-0 b4 16. cxb4 axb4 17. Nd4 Nxd4 18. Bxd4 Bf6 19. Bxf6 Qxf6 20. Bb3 Qg6 21. d4 bxa3 22. bxa3 Rfd8 23. Qf3 Be4 24. Qg4 Qb6 25. Bd1 Rc6 26. Bf3 Rg6 27. Qh5 Qxd4 28. Kh1 Qf6 29. Bxe4 dxe4 30. Rg1 h6 31. Qe2 Qe5 32. a4 f5 33. g3 f4 34. gxf4 Rxg1+ 35. Rxg1 Qxf4 36. Qe3 Qf5 37. Qg3 g5 38. Qg4 Qxf2 39. Qe6+ Qf7 40. Qxe4 Qd5 41. Qxd5+ Rxd5 42. Ra1 Ra5 43. Kg2 Kg7 44. Kg3 Kg6 45. h4 Kf5 46. hxg5 hxg5 47. Kf3 g4+ 48. Kg3 Kg5 49. Ra3 Kf5 50. Ra2 Kg5 51. Ra3 Kh5 52. Ra2 Rf5 53. Ra3 Ra5 54. Ra2 Kg5 55. Ra1 Kf5 56. Ra3 Kg5 57. Ra2 Kf5 58. Ra3 Kg5 59. Ra2 Kf5 60. Ra3 1/2-1/2

[Event "Abu Dhabi op 29th"]
[Site "Abu Dhabi"]
[Date "2023.08.24"]
[Round "9"]
[White "Mohammad Fahad, Rahman"]
[Black "Dushyant, Sharma"]
[Result "1/2-1/2"]
[WhiteElo "2398"]
[BlackElo "2325"]
[PlyCount "60"]
[EventDate "2023.08.16"]
[EventType "swiss"]
[EventRounds "9"]
[EventCountry "UAE"]
[SourceTitle "EXT 2024"]
[Source "ChessBase"]
[SourceDate "2023.10.10"]
[SourceVersion "1"]
[SourceVersionDate "2023.10.10"]
[SourceQuality "1"]

1. d4 d5 2. c4 e6 3. Nf3 Nf6 4. g3 Be7 5. Bg2 0-0 6. 0-0 dxc4 7. Ne5 Nc6 8. Bxc6 bxc6 9. Nxc6 Qe8 10. Nxe7+ Qxe7 11. Qa4 e5 12. dxe5 Qxe5 13. Nc3 Ne4 14. Qxc4 Nxc3 15. bxc3 Be6 16. Qd3 Rad8 17. Bf4 Rxd3 18. Bxe5 Rd2 19. a4 Rxe2 20. Bxc7 Rc8 21. Ba5 Re5 22. Bb4 a5 23. Ba3 Re4 24. Bd6 Rxc3 25. Rfb1 Rcc4 26. Rb5 Bd7 27. Rxa5 Rxa4 28. Ra8+ Rxa8 29. Rxa8+ Re8 30. Rxe8+ Bxe8 1/2-1/2

[Event "Abu Dhabi op 29th"]
[Site "Abu Dhabi"]
[Date "2023.08.23"]
[Round "8"]
[White "Dushyant, Sharma"]
[Black "Zhalmakhanov, Ramazan"]
[Result "0-1"]
[WhiteElo "2325"]
[BlackElo "2444"]
[PlyCount "88"]
[EventDate "2023.08.16"]
[EventType "swiss"]
[EventRounds "9"]
[EventCountry "UAE"]
[SourceTitle "EXT 2024"]
[Source "ChessBase"]
[SourceDate "2023.10.10"]
[SourceVersion "1"]
[SourceVersionDate "2023.10.10"]
[SourceQuality "1"]

1. e4 c5 2. Nf3 Nc6 3. Bc4 e6 4. d4 cxd4 5. Nxd4 Nf6 6. Nc3 d6 7. Bb3 a6 8. 0-0 Be7 9. Be3 Na5 10. f4 0-0 11. Qf3 Qc7 12. Rae1 Nxb3 13. axb3 b5 14. e5 Bb7 15. exf6 Bxf3 16. fxe7 Qxe7 17. Rxf3 Qb7 18. Bf2 b4 19. Ne4 Qc7 20. Rg3 Kh8 21. Rh3 Rae8 22. Re2 f6 23. c4 d5 24. Nd2 Qxf4 25. Rf3 Qd6 26. Rd3 e5 27. Nf5 Qd7 28. Ne3 d4 29. Nd5 a5 30. Ne4 Qc6 31. g4 Rb8 32. g5 f5 33. Ng3 Rbe8 34. Rf3 Qd7 35. Re1 f4 36. Rd3 fxg3 37. Bxg3 Rf5 38. h4 Qf7 39. Kg2 h6 40. gxh6 gxh6 41. Kh2 Kh7 42. Re2 Rg8 43. Rxd4 exd4 44. Re7 d3 0-1